[Event "North American op 22nd"]
[Site "Las Vegas"]
[Date "2012.12.26"]
[Round "1"]
[White "Gareyev, Timur"]
[Black "Lucky, David N"]
[Result "1-0"]
[WhiteElo "2663"]
[BlackElo "2282"]
[PlyCount "63"]
[EventDate "2012.12.26"]
[EventType "swiss"]
[EventRounds "9"]
[EventCountry "USA"]
[SourceTitle "CBM 152 Extra"]
[Source "ChessBase"]
[SourceDate "2013.02.25"]
[SourceVersion "1"]
[SourceVersionDate "2013.02.25"]
[SourceQuality "1"]

1. d4 d5 2. c4 dxc4 3. Nf3 Nf6 4. e3 e6 5. Bxc4 c5 6. 0-0 a6 7. e4 cxd4 8. e5 Nfd7 9. Qxd4 Nc6 10. Qe4 Be7 11. Re1 Qc7 12. Qg4 g6 13. Bf4 b5 14. Bf1 Bb7 15. Nc3 0-0-0 16. a4 b4 17. Ne4 Kb8 18. a5 h5 19. Qh3 Nc5 20. Nd6 Rxd6 21. exd6 Bxd6 22. Bxd6 Qxd6 23. Ng5 Qe7 24. Qe3 Rd8 25. Nxf7 Qxf7 26. Qxc5 Nd4 27. Qe5+ Ka7 28. Qc5+ Ka8 29. Qb6 Rd5 30. Bxa6 Nf3+ 31. gxf3 Rg5+ 32. Kf1 1-0

[Event "Auburn Power op 1st"]
[Site "Auburn Hills"]
[Date "2012.11.03"]
[Round "2"]
[White "Lucky, David N"]
[Black "Zildzic, Kenan"]
[Result "1-0"]
[WhiteElo "2282"]
[BlackElo "2221"]
[PlyCount "103"]
[EventDate "2012.11.02"]
[EventType "swiss"]
[EventRounds "5"]
[EventCountry "USA"]
[SourceTitle "EXT 2014"]
[Source "ChessBase"]
[SourceDate "2013.11.20"]
[SourceVersion "1"]
[SourceVersionDate "2013.11.20"]
[SourceQuality "1"]

1. d4 Nf6 2. Nf3 g6 3. c4 Bg7 4. Nc3 0-0 5. Bg5 h6 6. Bh4 d6 7. e3 Nc6 8. Be2 Bf5 9. 0-0 e5 10. dxe5 dxe5 11. Qa4 g5 12. Rad1 Qe8 13. Bg3 Ne4 14. Nxe4 Bxe4 15. Qb5 a6 16. Qc5 Qe6 17. Qa3 Rfd8 18. Qb3 b6 19. Rxd8+ Rxd8 20. Rd1 Rd6 21. h4 g4 22. Ne1 h5 23. Qa4 Na5 24. Rxd6 Qxd6 25. c5 Qd2 26. Qxe4 Qxe1+ 27. Bf1 bxc5 28. Qa8+ Kh7 29. Qxa6 c4 30. Qa8 f6 31. Qa6 Qb4 32. Kh2 Qc5 33. Qe6 Qd6 34. Qf5+ Kg8 35. Qxh5 Qd1 36. Kg1 c3 37. bxc3 Nc4 38. Qe8+ Kh7 39. Qb5 Nd2 40. Qd3+ Kg8 41. Qd5+ Kh7 42. Qd3+ e4 43. Qe2 Qc1 44. Bxc7 Qxc3 45. Bb6 f5 46. Qb5 Nxf1 47. Qxf5+ Kg8 48. Qe6+ Kh8 49. Qe8+ Kh7 50. Qxe4+ Kg8 51. Qxg4 Qc1 52. Qe6+ 1-0

[Event "Santa Monica IBAR"]
[Site "Santa Monica"]
[Date "2005.02.27"]
[Round "8"]
[White "Lucky, David N"]
[Black "Milman, Lev"]
[Result "0-1"]
[WhiteElo "2335"]
[BlackElo "2434"]
[PlyCount "70"]
[EventDate "2005.02.23"]
[EventType "tourn"]
[EventRounds "9"]
[EventCountry "USA"]
[EventCategory "8"]
[SourceTitle "CBM 105 Extra"]
[Source "ChessBase"]
[SourceDate "2005.05.01"]
[SourceVersion "1"]
[SourceVersionDate "2005.05.01"]
[SourceQuality "1"]

1. d4 d5 2. c4 e6 3. Nf3 c6 4. cxd5 exd5 5. Nc3 Bd6 6. Bg5 Qb6 7. Qc2 Be6 8. a3 h6 9. Bh4 Nd7 10. e3 Bf5 11. Bd3 Bxd3 12. Qxd3 Ngf6 13. e4 dxe4 14. Nxe4 Qa5+ 15. Nfd2 Be7 16. Nxf6+ Nxf6 17. Bxf6 Bxf6 18. Qe3+ Kf8 19. 0-0 Re8 20. Qd3 Qd5 21. Nb3 g6 22. Rac1 Kg7 23. Rc5 Qe4 24. Qd1 Re7 25. Rc4 Rd8 26. Rb4 b6 27. Qd2 c5 28. Rc4 cxd4 29. Nc1 Bg5 30. Qd1 b5 31. Rb4 a5 32. Rxb5 d3 33. Rxa5 Bxc1 34. Qxc1 d2 35. Qd1 Qe1 0-1

[Event "Los Inmortales op"]
[Site "Los Inmortales"]
[Date "2004.11.??"]
[Round "7"]
[White "De la Paz Perdomo, Frank"]
[Black "Lucky, David N"]
[Result "1/2-1/2"]
[WhiteElo "2458"]
[BlackElo "2335"]
[PlyCount "87"]
[EventDate "2004.11.22"]
[EventType "swiss"]
[EventRounds "9"]
[EventCountry "DOM"]
[SourceTitle "CBM 103 Extra"]
[Source "ChessBase"]
[SourceDate "2005.01.01"]
[SourceVersion "1"]
[SourceVersionDate "2005.01.01"]
[SourceQuality "1"]

1. e4 e6 2. d4 d5 3. Nd2 Nf6 4. e5 Nfd7 5. c3 c5 6. Bd3 Nc6 7. Ne2 cxd4 8. cxd4 f6 9. exf6 Nxf6 10. Nf3 Bd6 11. 0-0 Qc7 12. Bg5 0-0 13. Bh4 Nh5 14. Rc1 g6 15. Re1 Qg7 16. Bb5 Bd7 17. Ng3 Nf4 18. Nf1 Nb4 19. Bxd7 Qxd7 20. Rc3 Nxa2 21. Rce3 Rae8 22. h3 Nb4 23. N1h2 Rc8 24. Rc3 Rxc3 25. bxc3 Nbd3 26. Rf1 Qc7 27. g3 Nxh3+ 28. Kg2 Nhxf2 29. Rxf2 Nxf2 30. Kxf2 Qxc3 31. Kg2 Rc8 32. Kh3 Qc2 33. Qa1 Qf5+ 34. g4 Qe4 35. Bg3 Bxg3 36. Kxg3 h6 37. Qxa7 h5 38. Qa3 Rf8 39. gxh5 g5 40. Qa2 g4 41. Ne5 Qe3+ 42. Kg2 Qh3+ 43. Kg1 Qe3+ 44. Kh1 1/2-1/2

[Event "US Open-96"]
[Site "Concord"]
[Date "1995.??.??"]
[Round "7"]
[White "Frenklakh, Valery"]
[Black "Lucky, David N"]
[Result "0-1"]
[WhiteElo "2300"]
[BlackElo "2265"]
[PlyCount "52"]
[EventDate "1995.08.06"]
[EventType "swiss"]
[EventRounds "12"]
[EventCountry "USA"]
[SourceTitle "EXT 1997"]
[Source "ChessBase"]
[SourceDate "1996.11.15"]
[SourceVersion "1"]
[SourceVersionDate "1996.11.15"]
[SourceQuality "1"]

1. d4 Nf6 2. Nf3 e6 3. Bf4 c5 4. e3 d5 5. c3 Nc6 6. Nbd2 Bd6 7. Bxd6 Qxd6 8. Qc2 0-0 9. Be2 e5 10. dxe5 Nxe5 11. 0-0 Bg4 12. Rfd1 Rad8 13. c4 d4 14. exd4 cxd4 15. Ne4 Nxe4 16. Qxe4 Bxf3 17. Bxf3 b6 18. b3 d3 19. Rd2 Qf6 20. Re1 Rfe8 21. Kf1 Re6 22. Red1 Rde8 23. Bg4 Nxg4 24. Qxg4 Re2 25. Qf3 Qe5 26. g3 Rxd2 0-1

[Event "Anaheim Labate"]
[Site "Anaheim"]
[Date "1984.02.??"]
[Round "9"]
[White "Lucky, David N"]
[Black "Strauss, David J"]
[Result "1/2-1/2"]
[WhiteElo "2270"]
[BlackElo "2410"]
[PlyCount "57"]
[EventDate "1984.02.??"]
[EventType "tourn"]
[EventRounds "11"]
[EventCountry "USA"]
[EventCategory "6"]
[SourceTitle "EXT 2012"]
[Source "ChessBase"]
[SourceDate "2011.11.24"]
[SourceVersion "1"]
[SourceVersionDate "2011.11.24"]
[SourceQuality "1"]

1. e4 c5 2. Nf3 Nc6 3. c3 Nf6 4. e5 Nd5 5. d4 cxd4 6. cxd4 d6 7. Nc3 dxe5 8. dxe5 Nxc3 9. Qxd8+ Nxd8 10. bxc3 g6 11. Bb5+ Nc6 12. Nd4 Bd7 13. Rb1 0-0-0 14. Nxc6 Bxc6 15. Bxc6 bxc6 16. Be3 Rd5 17. 0-0 Bg7 18. f4 Ra5 19. Rf2 f6 20. e6 f5 21. Rfb2 Kc7 22. Rd2 Rd5 23. Rxd5 cxd5 24. Bxa7 Ra8 25. Bc5 Rxa2 26. Bxe7 Re2 27. Bb4 Rxe6 28. Ba5+ Kc8 29. Rd1 1/2-1/2

[Event "Anaheim Labate"]
[Site "Anaheim"]
[Date "1984.02.??"]
[Round "8"]
[White "Micayabas, Marlo"]
[Black "Lucky, David N"]
[Result "1-0"]
[WhiteElo "2325"]
[BlackElo "2270"]
[PlyCount "85"]
[EventDate "1984.02.??"]
[EventType "tourn"]
[EventRounds "11"]
[EventCountry "USA"]
[EventCategory "6"]
[SourceTitle "EXT 2012"]
[Source "ChessBase"]
[SourceDate "2011.11.24"]
[SourceVersion "1"]
[SourceVersionDate "2011.11.24"]
[SourceQuality "1"]

1. e4 c5 2. Nf3 d6 3. d4 cxd4 4. Nxd4 Nf6 5. Nc3 Nc6 6. Bg5 e6 7. Qd2 Qb6 8. Nb3 a6 9. Bxf6 gxf6 10. Be2 h5 11. 0-0 Bd7 12. Kh1 Be7 13. f4 0-0-0 14. a4 Kb8 15. a5 Qc7 16. Na4 Na7 17. Nb6 Bc6 18. Bf3 Nc8 19. Nxc8 Rxc8 20. Nd4 Bd7 21. Rfc1 e5 22. Nf5 Bxf5 23. exf5 Qd7 24. fxe5 fxe5 25. Be4 Rc4 26. Qe2 Rc7 27. c4 Rhc8 28. Qd3 h4 29. Bd5 Bf6 30. Qe4 Qb5 31. b4 Qd7 32. Rcb1 Bg5 33. Kg1 Qe7 34. b5 axb5 35. Rxb5 Ka7 36. a6 b6 37. Rxb6 Kxb6 38. Qb1+ Kc5 39. Ra5+ Kd4 40. Qa1+ Kd3 41. Ra3+ Ke2 42. Qf1+ Kd2 43. Rd3+ 1-0